| 000 | 00396 a2200133 4500 | ||
|---|---|---|---|
| 001 | 89105 | ||
| 082 | _aPR 832 | ||
| 090 |
_c42053 _d42053 |
||
| 100 | _aAhmed Jamal | ||
| 245 | _aUse of complex potential functions in 2-D potential flow and development of theory for the flow past cylinders of arbitrary shapes | ||
| 260 |
_aKarachi _bNED _c1983 |
||
| 300 | _a175p. | ||
| 500 | _aBE Project Reports | ||
| 942 |
_aCAE NUST _kPR 832 |
||
| 999 |
_c324178 _d324178 |
||